000 00679nam a2200265Ia 4500
005 20260121170604.0
008 008 260114s9999 xx 000 0 eng d
020 _a9789811306532
037 _aEBOOK
040 _aCRL
040 _beng
040 _cCRL
041 _2eng
041 _aeng
084 _qCRL
100 _aBin Zhang
_91065738
245 4 _aThe Evolution of the Non-market Economy Treatment in the Multilateral Trading System
260 _bSpringer
260 _bSpringer
260 _c2018
856 _uhttps://link.springer.com/openurl?genre=book&isbn=978-981-13-0653-2
942 _cEBOOK
999 _c1631468
_d1631468